| 000 | 00606nam a2200181 i 4500 | ||
|---|---|---|---|
| 001 | 83528 | ||
| 003 | ES-MaACL | ||
| 007 | t| | ||
| 008 | 041117q19001999gw ||||1| ger d | ||
| 100 | 0 |
_aIrving, Washington, _d1783-1859 _965506 |
|
| 245 | 1 | 0 |
_aRip. van Winkle and Anderes / _cvon Washington Irving ; englische bearbeitung und Ubertragung ins Deutsche von E. Springer und H. Sebede. |
| 260 |
_aBerlin : _bAugurt Scherl, _c[19--?] |
||
| 300 |
_a113 p. ; _c16 cm. |
||
| 700 | 1 |
_aSpringer, E. _9107808 |
|
| 700 | 1 |
_aSebede, H. _9105024 |
|
| 852 |
_aES-MaACL _jG-340 |
||
| 999 |
_c83528 _d83528 |
||